Zákon Národnej rady Slovenskej republiky č. 152/1994 Z.z. z 31. mája 1994 o sociálnom fonde ...
Zákon č. 152/1994 Z.z. o sociálnom fonde v znení ďalších zákonov ... a zákona z 27. novembra 2007. Za novelizovaným zákonom nasleduje Dôvodová správa k tomuto zákonu.
Guardado en:
| Formato: | Capítulo de libro |
|---|---|
| Lenguaje: | eslovaco |
| Materias: | |
| Etiquetas: |
Sin Etiquetas, Sea el primero en etiquetar este registro!
|
MARC
| LEADER | 00000naa$a2200000$$$4500 | ||
|---|---|---|---|
| 001 | 0069027 | ||
| 005 | 20231106073446.5 | ||
| 041 | 0 | |a slo | |
| 044 | |a SK | ||
| 245 | 1 | 0 | |a Zákon Národnej rady Slovenskej republiky č. 152/1994 Z.z. z 31. mája 1994 o sociálnom fonde ... |
| 520 | |a Zákon č. 152/1994 Z.z. o sociálnom fonde v znení ďalších zákonov ... a zákona z 27. novembra 2007. Za novelizovaným zákonom nasleduje Dôvodová správa k tomuto zákonu. | ||
| 610 | 2 | 0 | |a fond sociálny |
| 610 | 2 | 0 | |a zákony |
| 610 | 2 | 0 | |a novelizácia |
| 610 | 2 | 0 | |a Slovensko |
| 610 | 2 | 0 | |a 1994-2007 |
| 610 | 2 | 0 | |a správy dôvodové |